000
00320nam a2200133Ia 4500
008
200103s9999||||xx |||||||||||||| ||und||
040
_a
IMU-MPC
082
_a
Column-53
100
_a
Evdokimov, F. E.
245
0
_a
Fundamentals of Electricity
260
_b
Mir Publishers, Moscow
_c
1977
300
_a
536
942
_c
BK
999
_c
10159
_d
10159